00443nam a22001337a 4500003000500000038001800005082000800023100001500031245011100046264003400157300002500191700003600216856005700252NUST aNusrat Nadeem a200 aKhan Ilam  aPost-Conflict Rehabilitation of Ex-Combatants: An Analysis of Rehabilitation in Swat, Pakistan/cIlam Khan aIslamabad;bCIPS NUST;c2020. a171,p;bill;c30,cm. aSupervisor Dr. Bakare Najimdeen uhttp://10.250.8.41:8080/xmlui/handle/123456789/27734